Osnovy programmirovanija dlja Jedinoj systemy EVM

Gespeichert in:
Bibliographische Detailangaben
1. Verfasser: Ajnberg, Viktor Davidovič
Weitere Verfasser: Geronimus, Jurij Veniaminovič
Format: Buch
Sprache:Russisch
Veröffentlicht: Moskva Mašinostrojenije 1985
Ausgabe:2. isprav. i dopoln. izd.
Tags: Tag hinzufügen
Keine Tags, Fügen Sie das erste Tag hinzu!

MARC

LEADER 00000nam a2200000 4500
001 c022604
005 20221220082100.6
041 0 |a rus 
044 |a RU 
245 1 0 |a Osnovy programmirovanija dlja Jedinoj systemy EVM  |c Viktor Davidovič Ajnberg, Jurij Veniaminovič Geronimus 
250 |a 2. isprav. i dopoln. izd. 
264 1 |a Moskva  |b Mašinostrojenije  |c 1985 
300 |a 352 s. 
100 1 |a Ajnberg, Viktor Davidovič 
700 1 |a Geronimus, Jurij Veniaminovič